| 000 | 04944 a2201717 04500 | ||
|---|---|---|---|
| 003 | PE-LiUPU | ||
| 005 | 20250813170017.0 | ||
| 008 | 050701s2009 mx spa d | ||
| 020 | _a9789708300148 | ||
| 040 |
_aPE-LiUPU _bspa _cPE-LiUPU _dPE-LiUPU _erda |
||
| 082 | 0 | 4 |
_a658.15 _223 _bB555f |
| 100 | 1 |
_aBesley, Scott _eautor |
|
| 245 | 1 | 0 |
_aFundamentos de administración financiera / _cScott Besley con Eugene F. Brigham |
| 250 | _aDécimocuarta Edicción | ||
| 264 |
_aMéxico : _bCengage Learning, _c2009. |
||
| 300 |
_axix, 819 páginas : _bilustraciones ; _c27 centímetros. |
||
| 500 | _aApéndices páginas 737-802, indice páginas 803-819. Notas al pie de página. | ||
| 504 | _a: | ||
| 505 | _aIntroducción a la administración financiera - CONCEPTOS BÁSICOS DE ADMINISTRACIÓN FINANCIERA: Análisis d estados financieros -- Los mercados financieros y la banca de inversión -- Valor del dinero en el tiempo -- VALUACIÓN DE ACTIVOS FINANCIEROS: El costo del dinero (tasas de interés) -- Bonos (deuda): característica y valuación -- Acciones (capital): características y valuación -- Riesgo y tasas de rendimiento-- VALUACIÓN DE ACTIVOS REALES (ELABORACIÓN DEL PRESUPUESTO DE CAPITAL): Técnicas de elaboración del presupuesto de capital -- Flujos de efectivo y riesgo de los proyectos -- COSTO DE CAPITAL, APALANCAMIENTO Y POLÍTICA DE DIVIDENDOS: El costo del capital -- Estructura de capital -- Política de dividendos -- ADMINISTRACIÓN DEL CAPITAL DE TRABAJO: Política del capital de trabajo -- Administración de los activos a corto plazo -- Administración de los pasivos (financiamiento) a corto plazo -- PLANEAMIENTO ESTRATÉGICA Y DECISIONES DE FINANCIAMIENTO: Planeación y control de financieros -- Acuerdos de financiamiento alternativos y reestructuración corporativa -- Apéndice A Uso de hojas de cálculo para resolver problemas financieros -- Apéndice B Soluciones a los problemas de autoevaluación -- Respuesta a problemas de final de capítulo -- Apéndice D Ecuaciones seleccionadas. | ||
| 526 | _aP203 | ||
| 526 | _aP200 | ||
| 526 | _aSEG65 | ||
| 526 | _aSEG64 | ||
| 526 | _aSEG63 | ||
| 526 | _aSEG62 | ||
| 526 | _aSEG61 | ||
| 526 | _aSEG60 | ||
| 526 | _aSEG59 | ||
| 526 | _aSEG58 | ||
| 526 | _aSEG57 | ||
| 526 | _aSEG56 | ||
| 526 | _aSEG55 | ||
| 526 | _aSEG54 | ||
| 526 | _aSEG53 | ||
| 526 | _aSEG52 | ||
| 526 | _aSEG51 | ||
| 526 | _aSEG50 | ||
| 526 | _aSEG49 | ||
| 526 | _aSEG48 | ||
| 526 | _aSEG47 | ||
| 526 | _aSEG46 | ||
| 526 | _aSEG24 | ||
| 526 | _aSEG23 | ||
| 526 | _aSEG22 | ||
| 526 | _aSEG21 | ||
| 526 | _aSEG20 | ||
| 526 | _aSEG19 | ||
| 526 | _aSEG18 | ||
| 526 | _aSEG17 | ||
| 526 | _aSEG16 | ||
| 526 | _aSEG14 | ||
| 526 | _aSEG13 | ||
| 526 | _aSEG12 | ||
| 526 | _aSEG11 | ||
| 526 | _aSEG10 | ||
| 526 | _aSEG09 | ||
| 526 | _aSEG06 | ||
| 526 | _aSEG05 | ||
| 526 | _aSEG04 | ||
| 526 | _aSEG03 | ||
| 526 | _aSEG02 | ||
| 526 | _aSEG68 | ||
| 526 | _aSEG66 | ||
| 526 | _aSEG45 | ||
| 526 | _aSEG25 | ||
| 526 | _aSEG01 | ||
| 526 | _aP163 | ||
| 526 | _aP162 | ||
| 526 | _aP161 | ||
| 526 | _aP160 | ||
| 526 | _aP159 | ||
| 526 | _aP158 | ||
| 526 | _aP157 | ||
| 526 | _aP156 | ||
| 526 | _aP155 | ||
| 526 | _aP154 | ||
| 526 | _aP153 | ||
| 526 | _aP152 | ||
| 526 | _aP151 | ||
| 526 | _aP150 | ||
| 526 | _aP149 | ||
| 526 | _aP142 | ||
| 526 | _aP141 | ||
| 526 | _aP140 | ||
| 526 | _aP139 | ||
| 526 | _aP138 | ||
| 526 | _aP137 | ||
| 526 | _aP132 | ||
| 526 | _aP131 | ||
| 526 | _aP130 | ||
| 526 | _aP126 | ||
| 526 | _aP125 | ||
| 526 | _aP124 | ||
| 526 | _aP123 | ||
| 526 | _aP115 | ||
| 526 | _aP122 | ||
| 526 | _aP121 | ||
| 526 | _aP116 | ||
| 526 | _a P114 | ||
| 526 | _aP112 | ||
| 526 | _aP111 | ||
| 526 | _aP104 | ||
| 526 | _aP103 | ||
| 526 | _aP102 | ||
| 526 | _aP101 | ||
| 526 | _aP100 | ||
| 526 | _aP96 | ||
| 526 | _aP95 | ||
| 526 | _aP93 | ||
| 526 | _aP92 | ||
| 526 | _aP91 | ||
| 526 | _aP88 | ||
| 526 | _aP83 | ||
| 526 | _aP82 | ||
| 526 | _aP79 | ||
| 526 | _aP78 | ||
| 526 | _aP75 | ||
| 526 | _aP74 | ||
| 526 | _aP71 | ||
| 526 | _aP69 | ||
| 526 | _a P51 | ||
| 526 | _aP49 | ||
| 526 | _aP48 | ||
| 526 | _aP47 | ||
| 526 | _aP33 | ||
| 526 | _aP31 | ||
| 526 | _a P30 | ||
| 526 | _aP29 | ||
| 526 | _aP27 | ||
| 526 | _aP26 | ||
| 526 | _aP25 | ||
| 526 | _aP24 | ||
| 526 | _a P22 | ||
| 526 | _aP10 | ||
| 526 | _aP09 | ||
| 526 | _a P08 | ||
| 526 | _aP06 | ||
| 526 | _aP05 | ||
| 526 | _aP04 | ||
| 526 | _aP01 | ||
| 650 | 1 | 4 |
_a Administración financiera _93709 |
| 700 |
_aBrighan, Eugene F. _91168 _eautor |
||
| 942 |
_cBK _2ddc _n0 |
||
| 980 |
_621515 _aDIGNA BRAÑES Analista Documental _81 _gALBERTO SANCHEZ Responsable de Automatización |
||
| 999 |
_c61819 _d61819 |
||